UM Logo

Leadershp behavior and delivery of basic social services of the Barangay officials in Guihing, Hagonoy, Davao del Sur/ (Record no. 1796)

MARC details
000 -LEADER
fixed length control field 00539nam a22001337a 4500
008 - FIXED-LENGTH DATA ELEMENTS--GENERAL INFORMATION
fixed length control field 160416b xxu||||| |||| 00| 0 eng d
082 ## - DEWEY DECIMAL CLASSIFICATION NUMBER
Edition number 2005
Classification number UT 0137
Item number B11
100 ## - MAIN ENTRY--PERSONAL NAME
9 (RLIN) 5699
Personal name Bañas, Melchizedek John S.
245 ## - TITLE STATEMENT
Title Leadershp behavior and delivery of basic social services of the Barangay officials in Guihing, Hagonoy, Davao del Sur/
Statement of responsibility, etc. Melchizedek John S. Bañas.
260 ## - PUBLICATION, DISTRIBUTION, ETC. (IMPRINT)
Place of publication, distribution, etc. Digos City:
Name of publisher, distributor, etc. UMDC
Date of publication, distribution, etc. October 2005.
300 ## - PHYSICAL DESCRIPTION
Extent 61 pages;
Dimensions 29 cm.
650 #0 - SUBJECT ADDED ENTRY--TOPICAL TERM
9 (RLIN) 5700
Topical term or geographic name as entry element Liberal Arts
Form subdivision Political Science
General subdivision Undergraduate thesis.
942 ## - ADDED ENTRY ELEMENTS (KOHA)
Source of classification or shelving scheme Dewey Decimal Classification
Koha item type Undergraduate Thesis
Holdings
Withdrawn status Lost status Source of classification or shelving scheme Damaged status Not for loan Collection code Home library Current library Date acquired Total Checkouts Full call number Barcode Date last seen Price effective from Koha item type
    Dewey Decimal Classification     Undergraduate Theses UM Digos College - LIC UM Digos College - LIC 04/16/2016   UT 0137 B11 2005 UT0137 04/16/2016 04/16/2016 Undergraduate Thesis